Líbano, espejo del Medio Oriente : comunidad, confesión y Estado, siglos VII-XXI /

Gorde:
Xehetasun bibliografikoak
Egile nagusia: Rodríguez Zahar, León (autor)
Formatua: Liburua
Hizkuntza:gaztelania
Argitaratua: México : El Colegio de México, Centro de Estudios de Asia y Africa, 2004, c2004
Gaiak:
Etiketak: Etiketa erantsi
Etiketarik gabe, Izan zaitez lehena erregistro honi etiketa jartzen!

MARC

LEADER 00000nam^a2200000^a^4500
001 000316953
005 20250522160924.0
009 20260310113329.517
020 |a 968-12-1079-4 
037 |a Acervo ITESO - Biblioteca 
041 |a ESP 
082 |a 956. 92  |b ROD 
100 |a Rodríguez Zahar, León  |e (autor) 
245 1 0 |a Líbano, espejo del Medio Oriente :  |b comunidad, confesión y Estado, siglos VII-XXI /  |c L. Rodríguez Zahar. 
264 4 |a México :  |b El Colegio de México, Centro de Estudios de Asia y Africa,  |c 2004, c2004 
300 |a 421 p. 
336 |a texto  |b txt  |2 rdacontenido 
337 |a sin mediación  |b n  |2 rdamedio 
338 |a volumen  |b nc  |2 rdasoporte 
649 |a XX 
650 |a Grupos Etnicos -  |z Líbano -  |x Condiciones Sociales y Culturales 
650 |a Iglesia y Estado -  |z Líbano -  |x Historia 
650 |a Islamismo y Estado -  |z Líbano -  |x Historia 
650 |a Sistema Político -  |z Líbano -  |x Historia 
650 |a Diversidad Cultural -  |z Líbano -  |x Tema Principal 
650 |a Relaciones Interculturales -  |z Líbano 
650 |a Identidad Cultural -  |z Líbano 
650 |a Conflictos Regionales -  |z Medio Oriente -  |x Historia 
650 |a Cristianismo y Política -  |z Líbano -  |x Historia 
650 |a Política y Religión -  |z Líbano -  |x Historia -  |x Tema Principal 
650 |a Política -  |z Líbano -  |x Historia 
650 |a Líbano -  |x Historia -  |x Tema Principal 
650 |a Medio Oriente -  |x Historia 
910 |a Fondo General 
920 |a Impresos - Libros 
930 |a Colección General 
905 |a 101 
901 |a 0500203861  |b IT1  |c ACC  |i D56950  |u 20250521 
902 |a https://opac.biblio.iteso.mx/vufind/Record/000316953